Diagnostika prístupov k sociálnym inováciám

Podstata sociálnej inovácie. Definovanie sociálnej inovácie má v súčasnosti otvorený charakter. Procesný rozmer sociálnych inovácií. Definovanie obsahu sociálnych inovácií.

Guardado en:
Detalles Bibliográficos
Autor principal: Matušovič, Martin
Formato: Capítulo de libro
Lenguaje:eslovaco
Materias:
Etiquetas: Agregar Etiqueta
Sin Etiquetas, Sea el primero en etiquetar este registro!

MARC

LEADER 00000nla a2200000 4500
001 0215293
005 20240523114722.0
041 0 |a slo 
044 |a SK 
245 1 0 |a Diagnostika prístupov k sociálnym inováciám  |c Martin Matušovič 
520 |a Podstata sociálnej inovácie. Definovanie sociálnej inovácie má v súčasnosti otvorený charakter. Procesný rozmer sociálnych inovácií. Definovanie obsahu sociálnych inovácií. 
610 2 0 |a kapitál intelektuálny 
610 2 0 |a kapitál sociálny 
610 2 0 |a inovácia 
610 2 0 |a inovácie sociálne 
610 2 0 |a definície 
610 2 0 |a podnik sociálny 
100 1 |a Matušovič, Martin